ஹதீஸ்: (Record no. 4873)

MARC details
000 -LEADER
fixed length control field 00862nam a22002297a 4500
003 - CONTROL NUMBER IDENTIFIER
control field LK-CoMWRAF
005 - DATE AND TIME OF LATEST TRANSACTION
control field 20240503091553.0
008 - FIXED-LENGTH DATA ELEMENTS--GENERAL INFORMATION
fixed length control field 240330b2005 |||||||| |||| 00| 0 eng d
020 ## - INTERNATIONAL STANDARD BOOK NUMBER
International Standard Book Number 8190295497
040 ## - CATALOGING SOURCE
Original cataloging agency LK-CoMWRAF
Modifying agency LK-CoMWRAF
Description conventions LK-CoMWRAF
041 ## - LANGUAGE CODE
Language code of text/sound track or separate title Tamil
082 ## - DEWEY DECIMAL CLASSIFICATION NUMBER
Classification number 297
Item number AZA
942 ## - ADDED ENTRY ELEMENTS (KOHA)
Koha item type Books
100 ## - MAIN ENTRY--PERSONAL NAME
Personal name அஸமி, முஹம்மத் முஸ்தபா
Personal name (Transliterated) Azami, Muhammad Mustafa
700 ## - ADDED ENTRY--PERSONAL NAME
Personal name ஜனீர், அப்துல் ஜப்பார் முஹம்மது
Personal name (Transliterated) Zaneer, Abdul Jabbar Muhammad
Relator Term translator
242 ## - TRANSLATION OF TITLE BY CATALOGING AGENCY
Title Studies in Hadith methodology and literature
245 ## - TITLE STATEMENT
Title ஹதீஸ்:
Remainder of title முறைமையும் தொகுப்புகளும்
246 ## - VARYING FORM OF TITLE
Title proper/short title Hatīs: muṟaimaiyum tokuppukaḷum
260 ## - PUBLICATION, DISTRIBUTION, ETC. (IMPRINT)
Place of publication, distribution, etc. Madurai:
Name of publisher, distributor, etc. Mellinam
Date of publication, distribution, etc. 2005
300 ## - PHYSICAL DESCRIPTION
Extent 162 p.
650 ## - SUBJECT ADDED ENTRY--TOPICAL TERM
Topical term or geographic name as entry element HADITH METHODOLOGY
Holdings
Withdrawn status Lost status Damaged status Not for loan Permanent Location Current Location Date acquired Full call number Barcode Koha item type
        Resource center, Muslim Women's Research And Action Forum Resource center, Muslim Women's Research And Action Forum 2024-03-30 297 AZA RAF5224 Books

Copyright © 2023 Muslim Women's Research and Action Forum (MWRAF), No 27/3, Anderson Road, Kalubowila, Dehiwela. Funded by The Asia Fundation